000
00250nam a2200097Ia 4500
008
190216s9999||||xx |||||||||||||| ||und||
100
_a
Null
245
0
_a
Hindi-Aao Padem Aur Sambanth
260
_b
National Council Of Educational Research
942
_c
BK
999
_c
16968
_d
16968